Word Ladder: Luck of the Irish Quiz Stats

 Plays Quiz Updated Mar 17, 2018

Score 0/10 Timer 05:00
1 Play Today
Hint Answer % Correct
What's a clue to this word I could tell? Oh,
It's a popular flavor of Jell-O!
For some pies, it is ''key'';
It's got vitamin C;
And its color is green—no, not yellow.
LIME
99.4%
It's an adjective that you could clue
With ''unique'' or ''exclusive'', it's true.
Or, if you wish,
It's a famed Dover fish,
Or the bottommost part of a shoe.
SOLE
94.6%
In a concert, it's often a long
Guitar or drum part of a song.
But if you might think
You could take a big drink
From this red plastic cup, you're not wrong.
SOLO
94.4%
She and sis Nani aren't rich,
But they bring home a scraggly ''dog'', which
Turns out to be
From afar, like E.T.,
And she gives it the moniker ''Stitch''.
LILO
94.4%
If you hate tall structures, then this'll
Be likely to cause you to bristle:
It's a place to store grain
On a farm or a plain;
It could also be used for a missile.
SILO
94.2%
It's a place where you might find a star
Enjoying his own private bar.
It's no ''stretch'' to say
That's a comfortable way
To enjoy the backseat of a car.
LIMO
93.6%
Though wheat's at the absolute top,
This food is the next biggest crop.
It's in etouffee
And sushi, and hey,
Even cereals (snap, crackle, pop!).
RICE
93%
You should know, if you play D&D,
The ''R'' in the term ''RPG''.
But outside of a game,
It's a character name
You'd find listed on IMDb.
ROLE
91.2%
The start of this verse is a tad
Pointless, with nothing to add.
Are you vexed? Are you nettled?
Even somewhat unsettled?
That's good, since your clue is ''make mad''.
RILE
89.6%
It's the first name of rhythm and blues
Singer James. Or of Astley—you choose.
Or if, just for fun,
It's placed after Rung 1,
It becomes what you see in these clues.
RICK
87.4%

Today's Daily Dose

Missing Word
Wicked Songs

Word Ladder
Blue Ivies

Get the Picture
Green on the Flag?

You're not logged in!

Compare scores with friends on all Sporcle quizzes.
OR
Log In

You Might Also Like...

Show Comments

Extras

Top Quizzes Today


Score Distribution

Your Account Isn't Verified!

In order to create a playlist on Sporcle, you need to verify the email address you used during registration. Go to your Sporcle Settings to finish the process.

Report this User

Report this user for behavior that violates our Community Guidelines.

Details: